000 00289nam a22001337a 4500
008 170314b xxu||||| |||| 00| 0 eng d
020 _a9780879756673
041 _aeng
080 _a591
100 _a7
101 _aSHM
245 _aANIMAL EXPERIMENTATION
_cBAIRD, R.M
942 _2udc
_cBK
999 _c7767
_d7767